00501 2200205 4500001002100000005001500021008004100036020002200077035001900099041000700118082001000125090001600135100001900151245004400170250000900214260002100223300002500244500001000269650001600279INLIS00000000000567820241224113139241224||||||||| | ||| |||| || |  a978-979-756-755-2 0010-1224005678 aid0 a336.2 a336.2 MOH P0 aMohammad Yamin00aPraktikum Pajak Pertambahan Nilai Dasar aED.1 bGraha Ilmuc2011 aviii+48hal.;I.;23 cm aCET.1 0aIlmu Sosial